000 00735cab a2200253 4500
001 ABS56941
008 090401t1997 xxu||||| |||| 00| 0 eng d
035 _a(Sirsi) u98417
041 _aeng
100 _aGeaney, C.
245 2 _aA strategy for the development of a cost estimating database
260 _c1997
350 _a0
490 _aCost Engineering
_v39(4) April 1997, 30-35(6)
520 _aDetails the strategy for the development of a cost estimating database. Includes sample reports.
650 _aCOST ANALYSIS
650 _aCOST ESTIMATING
650 _aDATABASE
650 _aProcurement-old
650 _aSTRATEGY
690 _aBUILT ENVIRONMENT-BUILDING COSTS
942 _n0
948 _c30/05/1997
999 _c59811
_d59811